| 000 | 00498nam a2200181Ia 4500 | ||
|---|---|---|---|
| 005 | 20250508151628.0 | ||
| 008 | 008 250505s9999 xx 000 0 eng d | ||
| 037 | _aTextual | ||
| 040 |
_aFEDL _beng _cFEDL |
||
| 041 |
_aeng _2eng |
||
| 084 |
_a309.154, HAR _qFEDL |
||
| 100 |
_aHartog Lady _9758021 |
||
| 245 | 0 | _aIndia : New pattern | |
| 260 |
_aLondon, UK _bGeorge Allen and Unwin Ltd. _c1955 |
||
| 300 | _a158p. | ||
| 942 |
_cTEXL _h309.154, HAR |
||
| 999 |
_c1331008 _d1331008 |
||